[Event "XX Festival A"]
[Site "Robecchetto con Induno ITA"]
[Date "2009.12.28"]
[Round "3"]
[White "Aranovitch, Emiliano"]
[Black "Bianchi, Alberto"]
[Result "1-0"]
[WhiteElo "2371"]
[BlackElo "2028"]
[PlyCount "55"]
[EventDate "2009.12.27"]

1. e4 e5 2. Bc4 Nf6 3. d3 Nc6 4. Nf3 Bc5 5. Nbd2 O-O 6. O-O a6 7. Bb3 Qe8 8. c3
d6 9. Nc4 Kh8 10. Bg5 Ng8 11. Ne3 f6 12. Bh4 Bxe3 13. fxe3 Be6 14. Bc2 Nce7 15.
Qe2 Ng6 16. Bg3 f5 17. Ng5 fxe4 18. Qh5 h6 19. Nxe6 Qxe6 20. Bb3 Qe8 21. dxe4
Nf4 22. Qg4 Nd3 23. Rxf8 Qxf8 24. Rf1 Qe7 25. Bh4 g5 26. Rf7 Qxf7 27. Bxf7 gxh4
28. Qg6 1-0

[Event "XX Festival A"]
[Site "Robecchetto con Induno ITA"]
[Date "2009.12.28"]
[Round "3"]
[White "Astengo, Corrado"]
[Black "Raselli, Claudio"]
[Result "1-0"]
[WhiteElo "2110"]
[BlackElo "1958"]
[PlyCount "33"]
[EventDate "2009.12.27"]

1. e4 d5 2. exd5 Qxd5 3. Nc3 Qd6 4. d4 Nf6 5. g3 Nc6 6. Nge2 a6 7. Bf4 Qd8 8.
Bg2 Bf5 9. d5 Nb4 10. Rc1 e6 11. Nd4 Nbxd5 12. Nxf5 Nxc3 13. bxc3 exf5 14. Bxb7
Qxd1+ 15. Rxd1 Ra7 16. Bc6+ Ke7 17. Be3 1-0

[Event "XX Festival A"]
[Site "Robecchetto con Induno ITA"]
[Date "2009.12.28"]
[Round "3"]
[White "Barberi, Alessandro"]
[Black "Bemporad, Filippo"]
[Result "0-1"]
[WhiteElo "2098"]
[BlackElo "2103"]
[PlyCount "60"]
[EventDate "2009.12.27"]

1. d4 d5 2. Nf3 Nf6 3. e3 g6 4. Bd3 Bg7 5. O-O Bg4 6. h3 Bxf3 7. Qxf3 Nbd7 8.
c4 c6 9. cxd5 Nxd5 10. Nc3 Nxc3 11. bxc3 O-O 12. Rb1 Qc7 13. e4 b5 14. Be3 a6
15. g4 Qa5 16. Qe2 c5 17. Rfc1 c4 18. Bc2 Qxc3 19. e5 Qa3 20. f4 Nb6 21. Be4
Rad8 22. Qf3 e6 23. f5 Nd5 24. Bxd5 Rxd5 25. f6 Bh6 26. Rb3 cxb3 27. Bxh6 Rfd8
28. axb3 Rxd4 29. Qc3 R8d5 30. Rc2 b4 0-1

[Event "XX Festival A"]
[Site "Robecchetto con Induno ITA"]
[Date "2009.12.28"]
[Round "3"]
[White "Bernasconi, Roberto"]
[Black "Trotto, Pierangelo"]
[Result "0-1"]
[WhiteElo "1941"]
[BlackElo "1893"]
[PlyCount "112"]
[EventDate "2009.12.27"]

1. e4 c5 2. Nf3 d6 3. d4 cxd4 4. Nxd4 Nf6 5. Nc3 a6 6. Be2 e6 7. Be3 Be7 8. O-O
Nc6 9. a4 Qc7 10. f4 O-O 11. Qe1 Kh8 12. Qg3 Na5 13. Rad1 Nc4 14. Bc1 Bd7 15.
Kh1 Rac8 16. Nb3 b5 17. axb5 axb5 18. Bd3 Bc6 19. Nd2 Nxd2 20. Bxd2 b4 21. e5
bxc3 22. exf6 Bxf6 23. Qh3 g6 24. bxc3 Bd5 25. Ra1 Bxc3 26. Bxc3+ Qxc3 27. Ra7
Ra8 28. Qh6 Kg8 29. Rxa8 Rxa8 30. h4 Qd2 31. Qg5 Ra4 32. h5 h6 33. Qg3 g5 34.
fxg5 Qxg5 35. Qxg5+ hxg5 36. Be2 f5 37. Rd1 Kf7 38. Kg1 Ke7 39. Kf2 Be4 40. Rd2
Ra2 41. Bd1 d5 42. g3 Kf6 43. Ke3 Ra3+ 44. Kf2 g4 45. Rd4 Kg5 46. Rd2 Kxh5 47.
Rd4 Kg5 48. Rd2 e5 49. Be2 f4 50. gxf4+ exf4 51. Rd1 g3+ 52. Kg1 f3 53. c4 fxe2
54. Re1 dxc4 55. Rc1 Kf4 56. Re1 Rd3 0-1

[Event "XX Festival A"]
[Site "Robecchetto con Induno ITA"]
[Date "2009.12.28"]
[Round "3"]
[White "Cardani, Roberto"]
[Black "Ranfagni, Stefano"]
[Result "0-1"]
[WhiteElo "1960"]
[BlackElo "2014"]
[PlyCount "128"]
[EventDate "2009.12.27"]

1. e4 e5 2. Nf3 Nf6 3. Nxe5 d6 4. Nf3 Nxe4 5. d4 d5 6. Bd3 Bd6 7. O-O O-O 8. c4
c6 9. Nc3 Nxc3 10. bxc3 Bg4 11. cxd5 cxd5 12. Rb1 Nd7 13. h3 Bh5 14. Bf5 Nb6
15. Qd3 Bg6 16. Ng5 Qf6 17. Bxg6 fxg6 18. Nf3 Rac8 19. a4 Rc7 20. a5 Nc4 21.
Rb5 Qd8 22. Bg5 Qd7 23. Rfb1 Na3 24. Ne5 Bxe5 25. dxe5 Nxb5 26. Rxb5 Rxc3 27.
Qxd5+ Qxd5 28. Rxd5 Re8 29. Be3 a6 30. Bd4 Rb3 31. Rd7 Re6 32. f4 h5 33. Kf2
Rb4 34. Be3 Ra4 35. Bb6 Rxf4+ 36. Kg3 Rf7 37. Rd8+ Kh7 38. Rd5 Rfe7 39. Kf4 g5+
40. Ke4 Kg6 41. Bd8 Re8 42. Bc7 Rf8 43. Rd6 Rfe8 44. Kd5 Kf7 45. Rd7+ R8e7 46.
Rxe7+ Kxe7 47. Bd6+ Kd7 48. g3 g4 49. hxg4 hxg4 50. Bc5 Rc6 51. Bd4 g6 52. Bc5
g5 53. Bd4 Rc2 54. e6+ Ke8 55. Kd6 Rd2 56. Kc5 Ke7 57. Be3 Rd3 58. Bxg5+ Kxe6
59. Kb6 Rb3+ 60. Kc7 Rb5 61. Bd2 Kd5 62. Bf4 Rxa5 63. Kxb7 Ra2 64. Kb6 Ke4 0-1

[Event "XX Festival A"]
[Site "Robecchetto con Induno ITA"]
[Date "2009.12.28"]
[Round "3"]
[White "Cesarano, Marco"]
[Black "Spornberger, Maximilian"]
[Result "0-1"]
[WhiteElo "1818"]
[BlackElo "2066"]
[PlyCount "82"]
[EventDate "2009.12.27"]

1. d4 g6 2. Nd2 Bg7 3. Ngf3 d6 4. e4 Nf6 5. c3 O-O 6. g3 Nbd7 7. Bg2 e5 8. O-O
Re8 9. Re1 b6 10. Qc2 Bb7 11. d5 Rf8 12. c4 a5 13. b3 Ne8 14. Nf1 h6 15. Nh4
Kh7 16. Bh3 Bc8 17. Ne3 Nc5 18. Bxc8 Qxc8 19. g4 Bf6 20. Nhg2 Ng7 21. Bb2 Be7
22. f4 exf4 23. Nxf4 Bg5 24. Nfg2 Re8 25. Nd1 Qxg4 26. Nf2 Qd7 27. Qc3 Nh5 28.
Qf3 Rf8 29. h4 Be7 30. Nf4 Bxh4 31. Nxh5 gxh5 32. Qxh5 Rg8+ 33. Kf1 Bxf2 34.
Bc1 Rg6 35. Kxf2 Nd3+ 36. Kf1 Nxe1 37. Kxe1 Qg4 38. Qh1 Qg1+ 39. Qxg1 Rxg1+ 40.
Kf2 Rag8 41. Bb2 R1g2+ 0-1

[Event "XX Festival A"]
[Site "Robecchetto con Induno ITA"]
[Date "2009.12.28"]
[Round "3"]
[White "Curtacci, Sergio"]
[Black "Brigati, Alessandro"]
[Result "0-1"]
[WhiteElo "1974"]
[BlackElo "2086"]
[PlyCount "108"]
[EventDate "2009.12.27"]

1. d4 Nf6 2. Nf3 g6 3. Nbd2 Bg7 4. e4 d6 5. Bd3 O-O 6. O-O Nbd7 7. c3 e5 8. a4
a5 9. Qc2 b6 10. Nc4 Re8 11. Bg5 h6 12. Be3 Bb7 13. dxe5 Nxe5 14. Nfxe5 dxe5
15. f3 Qe7 16. Be2 Red8 17. Rfb1 Nd7 18. b4 Ba6 19. bxa5 Bxc4 20. Bxc4 Rxa5 21.
Bb5 Nc5 22. Rd1 Raa8 23. Rxd8+ Rxd8 24. Rd1 Bf8 25. Rxd8 Qxd8 26. Qd2 Qxd2 27.
Bxd2 Nb3 28. Be3 Bc5 29. Kf2 Kf8 30. Ke2 Bxe3 31. Kxe3 Nc5 32. h4 f6 33. f4 Ke7
34. g4 g5 35. hxg5 hxg5 36. fxg5 fxg5 37. Bc6 Kd6 38. Be8 c6 39. Bg6 Nxa4 40.
Kd3 Kc5 41. Bf7 Nb2+ 42. Kc2 Nc4 43. Kd3 Nd6 44. Be6 b5 45. Bd7 Kb6 46. Be6 c5
47. Bd5 c4+ 48. Kc2 Kc5 49. Kd2 b4 50. cxb4+ Kxb4 51. Kc2 Kc5 52. Kc3 Nb5+ 53.
Kd2 Kd4 54. Ke2 Nc3+ 0-1

[Event "XX Festival A"]
[Site "Robecchetto con Induno ITA"]
[Date "2009.12.28"]
[Round "3"]
[White "Gagliardi, Christian"]
[Black "Cornaggia, Ranieri"]
[Result "1-0"]
[WhiteElo "2244"]
[BlackElo "1966"]
[PlyCount "111"]
[EventDate "2009.12.27"]

1. e4 e5 2. Nf3 Nc6 3. Bb5 a6 4. Ba4 Nge7 5. O-O d6 6. c3 Bd7 7. d4 Ng6 8. Re1
Be7 9. Nbd2 O-O 10. Nf1 Bf6 11. d5 Nce7 12. Be3 h6 13. c4 Nh4 14. Nxh4 Bxa4 15.
Qxa4 Bxh4 16. g3 Bf6 17. c5 g5 18. Rac1 Bg7 19. cxd6 cxd6 20. Nd2 Kh8 21. Qb3
b5 22. Rc2 Qd7 23. Rec1 Rfc8 24. Kg2 Bf8 25. Qd3 Rxc2 26. Rxc2 Rc8 27. Nb3 Rxc2
28. Qxc2 Qc8 29. Qxc8 Nxc8 30. Na5 f5 31. f3 Kg7 32. Nc6 Kf6 33. b4 Be7 34. Nb8
fxe4 35. fxe4 Bd8 36. Nxa6 Nb6 37. Bxb6 Bxb6 38. g4 Ke7 39. Nb8 Be3 40. Kf3 Bg1
41. h3 Kd8 42. Nc6+ Kd7 43. Ke2 Bb6 44. Kd3 Bf2 45. Kc2 Bb6 46. Kb3 Be3 47. a4
bxa4+ 48. Kxa4 Kc7 49. Kb5 Kb7 50. Ne7 Kc7 51. Ka6 Bd2 52. b5 Be3 53. Nf5 Bc5
54. Nxh6 Bf2 55. Nf5 Bc5 56. h4 1-0

[Event "XX Festival A"]
[Site "Robecchetto con Induno ITA"]
[Date "2009.12.28"]
[Round "3"]
[White "Gonella, Daniele"]
[Black "Giretti Kanev, Jasen"]
[Result "1-0"]
[WhiteElo "1856"]
[BlackElo "2221"]
[PlyCount "57"]
[EventDate "2009.12.27"]

1. e4 c6 2. d4 d5 3. Nc3 dxe4 4. Nxe4 Nf6 5. Nxf6+ gxf6 6. Bf4 Bf5 7. Nf3 Qb6
8. b3 e6 9. c3 Qa5 10. Qd2 Nd7 11. Bd3 Bxd3 12. Qxd3 O-O-O 13. O-O Nb6 14. a4
Rg8 15. Bg3 h5 16. Rfc1 Rg4 17. h3 Rg6 18. b4 Qd5 19. c4 Qd7 20. a5 Na8 21. b5
Bd6 22. bxc6 Qxc6 23. Bxd6 Qxd6 24. a6 b6 25. c5 bxc5 26. Ra5 Rd7 27. Raxc5+
Rc7 28. Qb5 Qb6 29. Rxc7+ 1-0

[Event "XX Festival A"]
[Site "Robecchetto con Induno ITA"]
[Date "2009.12.28"]
[Round "3"]
[White "Marguerettaz, Davy"]
[Black "Damia, Angelo"]
[Result "0-1"]
[WhiteElo "2072"]
[BlackElo "2338"]
[PlyCount "54"]
[EventDate "2009.12.27"]

1. e4 c5 2. Nf3 a6 3. c3 e6 4. d4 cxd4 5. cxd4 d6 6. Bd3 Nf6 7. O-O Nc6 8. Nc3
Be7 9. Qe2 b5 10. a3 b4 11. axb4 Nxb4 12. Bb1 Bb7 13. Bg5 Nd7 14. Bf4 Nb6 15.
e5 d5 16. Nd2 Rc8 17. Qg4 g5 18. Be3 h5 19. Qe2 Nc4 20. Nxc4 Rxc4 21. f4 gxf4
22. Rxf4 Bg5 23. Rf3 Bxe3+ 24. Qxe3 Qb6 25. Ne2 Nc2 26. Bxc2 Rxc2 27. b3 Rxe2
0-1

[Event "XX Festival A"]
[Site "Robecchetto con Induno ITA"]
[Date "2009.12.28"]
[Round "3"]
[White "Morandi, Daniele"]
[Black "Corti, Corrado"]
[Result "1/2-1/2"]
[WhiteElo "1968"]
[BlackElo "2030"]
[PlyCount "160"]
[EventDate "2009.12.27"]

1. e4 e5 2. Nf3 d6 3. Bc4 Be7 4. d4 exd4 5. Nxd4 Nf6 6. Nc3 c6 7. O-O O-O 8.
Be3 Nbd7 9. Bb3 Nc5 10. f3 Nxb3 11. Nxb3 Qc7 12. Qe2 Re8 13. Qf2 Nd7 14. f4 Nb6
15. Rad1 Nc4 16. Bc1 Bg4 17. Rd3 Bf6 18. Nd4 Rad8 19. b3 Na5 20. Be3 Bc8 21.
Nde2 b6 22. Bd4 Bxd4 23. Qxd4 Qe7 24. Rg3 f6 25. Qd3 Kh8 26. Nd4 Bd7 27. b4 Nb7
28. Re1 Qf7 29. Qa6 c5 30. Qxb7 cxd4 31. Nb5 Be6 32. Qxf7 Bxf7 33. Nxd4 Bxa2
34. Ra1 Bc4 35. Rxa7 Rxe4 36. Nf3 g6 37. f5 Rg8 38. fxg6 Rxg6 39. Rd7 Re6 40.
Rh3 h6 41. Nd4 Re1+ 42. Kf2 Rf1+ 43. Ke3 f5 44. Rf3 Rxg2 45. Rxf1 Bxf1 46. h4
Rg6 47. Nxf5 d5 48. Rxd5 Re6+ 49. Kf2 Bc4 50. Rd6 Re2+ 51. Kf3 Rxc2 52. Rxh6+
Kg8 53. Rxb6 Rb2 54. Kf4 Rf2+ 55. Kg5 Rg2+ 56. Kf6 Rf2 57. Rc6 Bd3 58. Rc5 Rf4
59. b5 Rb4 60. Ne7+ Kh8 61. Rh5+ Bh7 62. Nc6 Rb1 63. Ke6 Kg7 64. Kd6 Bd3 65.
Nd4 Kg6 66. Rg5+ Kf6 67. Kc5 Rc1+ 68. Kb6 Rb1 69. Rg3 Bxb5 70. Nxb5 Rb4 71. Rh3
Kg6 72. Kc5 Rg4 73. Nd4 Kh5 74. Nf3 Ra4 75. Rg3 Kh6 76. Nd4 Kh5 77. Rh3 Kg4 78.
Rh1 Ra5+ 79. Nb5 Kh5 80. Kc4 Ra4+ 1/2-1/2

[Event "XX Festival A"]
[Site "Robecchetto con Induno ITA"]
[Date "2009.12.28"]
[Round "3"]
[White "Radice, Luca"]
[Black "Jones, Alessandro"]
[Result "0-1"]
[WhiteElo "2088"]
[BlackElo "1977"]
[PlyCount "102"]
[EventDate "2009.12.27"]

1. d4 d5 2. c4 e6 3. Nc3 Nf6 4. Bg5 c6 5. e3 Nbd7 6. Nf3 h6 7. Bh4 Bd6 8. Qc2
O-O 9. g4 dxc4 10. Bxc4 Qa5 11. g5 hxg5 12. Bxg5 e5 13. O-O-O exd4 14. exd4 b5
15. Bb3 Bb7 16. Bxf6 Nxf6 17. Rhg1 Nd5 18. Nxd5 cxd5 19. Qf5 Qc7+ 20. Kb1 g6
21. h4 Bc8 22. Qg5 Bf4 23. Qf6 Qd6 24. Qxd6 Bxd6 25. Bxd5 Bf5+ 26. Ka1 Rad8 27.
Bc6 b4 28. d5 Rb8 29. Nd4 Bc8 30. Nb5 Bc5 31. Nd4 Rd8 32. Rg2 Rb6 33. h5 Bxd4
34. hxg6 fxg6 35. Rxg6+ Kf7 36. Rh6 Bf6 37. Rg1 Rh8 38. Rxh8 Bxh8 39. Kb1 Bf5+
40. Kc1 Be5 41. b3 Ra6 42. Ba4 Rg6 43. Rf1 Bh2 44. Kd2 Rg1 45. Rxg1 Bxg1 46.
Ke3 Ke7 47. Bb5 Kd6 48. Bc4 Bb1 49. Ke2 Bxa2 50. f4 Bb1 51. Kd1 Be4 0-1

[Event "XX Festival A"]
[Site "Robecchetto con Induno ITA"]
[Date "2009.12.28"]
[Round "3"]
[White "Virzi, Ettore"]
[Black "Barlocco, Carlo"]
[Result "0-1"]
[WhiteElo "1974"]
[BlackElo "2158"]
[PlyCount "88"]
[EventDate "2009.12.27"]

1. e4 Nc6 2. Nf3 d6 3. d4 Nf6 4. Nc3 Bg4 5. d5 Ne5 6. Nxe5 Bxd1 7. Bb5+ c6 8.
dxc6 dxe5 9. cxb7+ Nd7 10. bxa8=Q Qxa8 11. Kxd1 e6 12. Be3 Bb4 13. Ke2 Bxc3 14.
Rhd1 O-O 15. bxc3 Nb6 16. f3 Rc8 17. Rd3 h6 18. Rad1 Kh7 19. Bxb6 axb6 20. a4
f5 21. exf5 exf5 22. Kf1 e4 23. fxe4 fxe4 24. Re3 Rd8 25. Rde1 Rd2 26. R1e2
Rd1+ 27. Re1 Qf8+ 28. Ke2 Rxe1+ 29. Kxe1 Qf4 30. Kd2 Qxh2 31. Rxe4 Qxg2+ 32.
Re2 Qg5+ 33. Kd1 h5 34. Bd3+ g6 35. Be4 Kh6 36. Rg2 Qd8+ 37. Kc1 g5 38. Rd2 Qe7
39. Re2 g4 40. Kd2 h4 41. c4 h3 42. Bd5 Qg5+ 43. Ke1 g3 44. Kf1 Qf4+ 0-1

[Event "XX Festival A"]
[Site "Robecchetto con Induno ITA"]
[Date "2009.12.28"]
[Round "3"]
[White "Zanetti, Alberto"]
[Black "Paulmichl, Martin"]
[Result "1/2-1/2"]
[WhiteElo "2180"]
[BlackElo "2101"]
[PlyCount "22"]
[EventDate "2009.12.27"]

1. e4 d5 2. exd5 Qxd5 3. Nc3 Qd8 4. d4 Nf6 5. Nf3 c6 6. h3 Bf5 7. Bd3 Bxd3 8.
Qxd3 e6 9. O-O Be7 10. Bg5 Nbd7 11. a3 O-O 1/2-1/2

[Event "XX Festival A"]
[Site "Robecchetto con Induno ITA"]
[Date "2009.12.29"]
[Round "4"]
[White "Barlocco, Carlo"]
[Black "Gagliardi, Christian"]
[Result "1-0"]
[WhiteElo "2158"]
[BlackElo "2244"]
[PlyCount "163"]
[EventDate "2009.12.27"]

1. d4 d6 2. e4 g6 3. Nc3 Bg7 4. Bg5 a6 5. Nf3 Bg4 6. Bc4 Nc6 7. h3 Bxf3 8. Qxf3
Nf6 9. O-O-O O-O 10. Rhe1 h6 11. Be3 e5 12. d5 Ne7 13. g4 Nh7 14. Qg3 Nc8 15.
h4 Nb6 16. Bb3 Nd7 17. Ne2 b5 18. c4 bxc4 19. Bxc4 Qb8 20. a3 Qb7 21. Rd3 Rfb8
22. Rb3 Qc8 23. Rxb8 Rxb8 24. Rd1 Qb7 25. Rd2 Nb6 26. Bb3 a5 27. Nc3 Qa6 28.
Qf3 Bf6 29. Bxh6 Bxh4 30. Be3 Kg7 31. Qe2 Qxe2 32. Rxe2 Bg5 33. Kc2 Bxe3 34.
Rxe3 Ng5 35. f3 Rh8 36. Nb5 a4 37. Ba2 Rh2+ 38. Kc3 Rf2 39. Nxc7 Nxf3 40. Ne8+
Kf8 41. Nxd6 Nd4 42. Nc4 Nxc4 43. Bxc4 Rc2+ 44. Kb4 Rxb2+ 45. Kxa4 Ke7 46. d6+
Kxd6 47. Bxf7 g5 48. Rh3 Rb7 49. Bd5 Ra7+ 50. Kb4 Nc2+ 51. Kb5 Rxa3 52. Rh6+
Kd7 53. Rg6 Rg3 54. Rxg5 Ne3 55. Rg7+ Kd6 56. Rg6+ Kd7 57. Be6+ Ke7 58. Bf5 Rg1
59. g5 Kf7 60. Kc5 Nxf5 61. exf5 Rd1 62. Re6 e4 63. g6+ Kg7 64. Rxe4 Kf6 65.
Re8 Rc1+ 66. Kd4 Rd1+ 67. Kc3 Rd7 68. Rf8+ Kg7 69. Rc8 Kf6 70. Rc5 Rd1 71. Kc4
Rc1+ 72. Kb5 Rd1 73. Kc6 Rd2 74. Rd5 Rc2+ 75. Kd7 Re2 76. Rd1 Rf2 77. Rg1 Kg7
78. Ke6 Re2+ 79. Kd5 Re8 80. Kd6 Kf6 81. g7 Rg8 82. Kd7 1-0

[Event "XX Festival A"]
[Site "Robecchetto con Induno ITA"]
[Date "2009.12.29"]
[Round "4"]
[White "Bemporad, Filippo"]
[Black "Zanetti, Alberto"]
[Result "1/2-1/2"]
[WhiteElo "2103"]
[BlackElo "2180"]
[PlyCount "83"]
[EventDate "2009.12.27"]

1. d4 c5 2. Nf3 cxd4 3. Nxd4 d5 4. g3 e5 5. Nb3 Nc6 6. Bg2 Be6 7. Nc3 Bb4 8.
Bd2 Nge7 9. O-O O-O 10. a3 Bxc3 11. Bxc3 d4 12. Bd2 Bd5 13. Bxd5 Qxd5 14. c3
Rad8 15. cxd4 exd4 16. Nc1 Rfe8 17. Nd3 Ng6 18. Rc1 b6 19. Re1 Nce5 20. Nf4 Qb7
21. Nxg6 hxg6 22. f3 Qd5 23. Kg2 Nc4 24. Rb1 g5 25. Kf2 Re6 26. Qc1 f6 27. f4
g4 28. b3 Nd6 29. Qc2 Rde8 30. Bb4 Ne4+ 31. Kg1 g5 32. Bd2 Rc6 33. Qd3 f5 34.
e3 Rec8 35. Rec1 Nc5 36. Qxd4 Qxd4 37. exd4 Ne4 38. Rxc6 Rxc6 39. Rc1 Rxc1+ 40.
Bxc1 Kf7 41. Kf1 Kf6 42. Ke2 1/2-1/2

[Event "XX Festival A"]
[Site "Robecchetto con Induno ITA"]
[Date "2009.12.29"]
[Round "4"]
[White "Bernasconi, Roberto"]
[Black "Radice, Luca"]
[Result "1-0"]
[WhiteElo "1941"]
[BlackElo "2088"]
[PlyCount "55"]
[EventDate "2009.12.27"]

1. e4 c5 2. Nf3 d6 3. d4 cxd4 4. Nxd4 Nf6 5. Nc3 g6 6. Be3 Bg7 7. f3 O-O 8. Qd2
Nc6 9. Bc4 Bd7 10. O-O-O Rc8 11. Bb3 Ne5 12. Bh6 Nc4 13. Bxc4 Rxc4 14. Bxg7
Kxg7 15. h4 h5 16. g4 Qa5 17. gxh5 Nxh5 18. Rhg1 Rfc8 19. Rg5 e5 20. Rxh5 gxh5
21. Rg1+ Kf8 22. Qh6+ Ke7 23. Nb3 Rxc3 24. Nxa5 Rxc2+ 25. Kb1 Bb5 26. Rd1 Be2
27. Qxd6+ Ke8 28. Rg1 1-0

[Event "XX Festival A"]
[Site "Robecchetto con Induno ITA"]
[Date "2009.12.29"]
[Round "4"]
[White "Bianchi, Alberto"]
[Black "Barberi, Alessandro"]
[Result "1/2-1/2"]
[WhiteElo "2028"]
[BlackElo "2098"]
[PlyCount "21"]
[EventDate "2009.12.27"]

1. e4 g6 2. d4 Bg7 3. Nc3 d6 4. Be3 a6 5. Qd2 Nd7 6. f3 b5 7. O-O-O Bb7 8. Kb1
Rc8 9. Nce2 c5 10. e5 cxd4 11. Bxd4 1/2-1/2

[Event "XX Festival A"]
[Site "Robecchetto con Induno ITA"]
[Date "2009.12.29"]
[Round "4"]
[White "Brigati, Alessandro"]
[Black "Marguerettaz, Davy"]
[Result "1/2-1/2"]
[WhiteElo "2086"]
[BlackElo "2072"]
[PlyCount "52"]
[EventDate "2009.12.27"]

1. d4 d5 2. Bf4 Nf6 3. e3 c5 4. c3 cxd4 5. exd4 Nc6 6. Bd3 Bg4 7. f3 Bh5 8. Ne2
e6 9. O-O Bd6 10. Na3 Bg6 11. Kh1 Bxd3 12. Qxd3 Bxa3 13. bxa3 Nd7 14. c4 dxc4
15. Qxc4 O-O 16. Rfd1 Nb6 17. Qb5 Qd5 18. a4 Qc4 19. Qxc4 Nxc4 20. d5 exd5 21.
Rxd5 Rad8 22. Rxd8 Rxd8 23. h3 b6 24. Rc1 N4a5 25. Nc3 a6 26. Kg1 f6 1/2-1/2

[Event "XX Festival A"]
[Site "Robecchetto con Induno ITA"]
[Date "2009.12.29"]
[Round "4"]
[White "Cornaggia, Ranieri"]
[Black "Morandi, Daniele"]
[Result "1-0"]
[WhiteElo "1966"]
[BlackElo "1968"]
[PlyCount "59"]
[EventDate "2009.12.27"]

1. e4 e5 2. Nf3 Nc6 3. Bb5 a6 4. Ba4 Nf6 5. O-O Be7 6. Re1 b5 7. Bb3 d6 8. c3
O-O 9. d3 Na5 10. Bc2 c5 11. Nbd2 Bg4 12. h3 Bh5 13. Nf1 c4 14. d4 exd4 15.
cxd4 Nc6 16. Be3 d5 17. Ng3 Bg6 18. Bf4 dxe4 19. Nxe4 Nd5 20. Bh2 Bf6 21. Nxf6+
Qxf6 22. Bxg6 fxg6 23. Be5 Qf5 24. Bd6 Rfd8 25. Bc5 Ndb4 26. Ne5 Nxd4 27. Bxd4
Nc2 28. Nc6 Rxd4 29. Nxd4 Rd8 30. Qxc2 1-0

[Event "XX Festival A"]
[Site "Robecchetto con Induno ITA"]
[Date "2009.12.29"]
[Round "4"]
[White "Corti, Corrado"]
[Black "Jones, Alessandro"]
[Result "1/2-1/2"]
[WhiteElo "2030"]
[BlackElo "1977"]
[PlyCount "41"]
[EventDate "2009.12.27"]

1. d4 Nf6 2. g3 d5 3. Bg2 e6 4. Nf3 Be7 5. O-O O-O 6. Nbd2 c5 7. c3 Nc6 8. b3
b5 9. Bb2 a5 10. dxc5 Bxc5 11. c4 bxc4 12. bxc4 dxc4 13. Ne5 Nd5 14. Nxc6 Qb6
15. Nxc4 Qxc6 16. Rc1 Qb5 17. Ba1 Ba6 18. Bf3 Rac8 19. Ne5 Rfd8 20. Qb3 Qxb3
21. axb3 1/2-1/2

[Event "XX Festival A"]
[Site "Robecchetto con Induno ITA"]
[Date "2009.12.29"]
[Round "4"]
[White "Damia, Angelo"]
[Black "Gonella, Daniele"]
[Result "1/2-1/2"]
[WhiteElo "2338"]
[BlackElo "1856"]
[PlyCount "73"]
[EventDate "2009.12.27"]

1. e4 c5 2. a3 Nc6 3. b4 d6 4. b5 Ne5 5. f4 Nd7 6. Nf3 e6 7. c4 Ne7 8. Bb2 d5
9. d3 d4 10. Be2 g6 11. O-O Bg7 12. Qe1 O-O 13. g4 Qc7 14. Qh4 h6 15. Bc1 f6
16. Ra2 Nb6 17. a4 a5 18. Bd1 Bd7 19. Rg2 Be8 20. Kh1 g5 21. Qg3 Ng6 22. Ng1
Nd7 23. Nh3 b6 24. Na3 e5 25. f5 Nf4 26. Rgf2 Kf7 27. Nc2 Ke7 28. Qf3 Bf7 29.
Ne1 Rh8 30. Ng2 Rac8 31. Ngxf4 exf4 32. Nxf4 gxf4 33. Bxf4 Ne5 34. Qg3 Kd7 35.
h3 Qd6 36. Bf3 Qf8 37. Bxe5 1/2-1/2

[Event "XX Festival A"]
[Site "Robecchetto con Induno ITA"]
[Date "2009.12.29"]
[Round "4"]
[White "Giretti Kanev, Jasen"]
[Black "Guidi, Maurizio"]
[Result "1-0"]
[WhiteElo "2221"]
[BlackElo "2042"]
[PlyCount "89"]
[EventDate "2009.12.27"]

1. c4 Nf6 2. Nf3 c5 3. Nc3 Nc6 4. g3 g6 5. Bg2 Bg7 6. O-O O-O 7. d3 d6 8. h3
Rb8 9. Be3 e5 10. Qd2 Nd4 11. Bg5 Nxf3+ 12. exf3 Qd7 13. Rfe1 b6 14. f4 Re8 15.
Re2 Bb7 16. Rae1 Bxg2 17. Kxg2 exf4 18. Qxf4 Rxe2 19. Rxe2 Nh5 20. Qf3 Re8 21.
Nd5 Rxe2 22. Qxe2 h6 23. Be7 Bf8 24. Qg4 Qb7 25. Qe4 Qc8 26. Qg4 Qe8 27. Qxh5
Bxe7 28. Qxh6 Bd8 29. Qf4 Qe6 30. Qe3 Qc8 31. Qe4 Kg7 32. b3 Bf6 33. h4 Be5 34.
Qf3 Qd8 35. h5 Qd7 36. Ne3 Bd4 37. hxg6 fxg6 38. Nd5 Kh7 39. Qe4 Bg7 40. Qe7
Qf5 41. Qh4+ Bh6 42. Nf6+ Kg7 43. Ne8+ Kh7 44. Qe7+ Kh8 45. Nf6 1-0

[Event "XX Festival A"]
[Site "Robecchetto con Induno ITA"]
[Date "2009.12.29"]
[Round "4"]
[White "Paulmichl, Martin"]
[Black "Aranovitch, Emiliano"]
[Result "0-1"]
[WhiteElo "2101"]
[BlackElo "2371"]
[PlyCount "133"]
[EventDate "2009.12.27"]

1. d4 d5 2. Bg5 h6 3. Bh4 c6 4. c4 Qb6 5. Qd2 Bf5 6. Nc3 e6 7. c5 Qb4 8. e3 b6
9. cxb6 axb6 10. Nf3 Nf6 11. Be2 Ne4 12. Nxe4 Bxe4 13. O-O Bxf3 14. Qxb4 Bxb4
15. Bxf3 Bd6 16. Rfc1 Kd7 17. Be2 g5 18. Bg3 Bxg3 19. hxg3 Kd6 20. b4 Ra3 21.
Rc2 Rd8 22. Rac1 b5 23. Rb2 Nd7 24. Bd1 Nb6 25. Bb3 Nc4 26. Rbc2 h5 27. Kf1 Rh8
28. Ke2 f5 29. Rh1 Ke7 30. Rc3 Kf6 31. Rh2 Kg6 32. Rc2 Rh6 33. Rc1 Rh7 34. Rc2
Rha7 35. Rh1 Ra8 36. Rh2 R8a6 37. Rh1 Ra8 38. Rh2 Rh8 39. Rc3 Rha8 40. Rc1
Rxa2+ 41. Bxa2 Rxa2+ 42. Kd3 Rd2+ 43. Kc3 Rxf2 44. Rch1 Nxe3 45. Rxh5 Ng4 46.
Rh8 Nf6 47. R1h2 Ra2 48. Rc8 Ra3+ 49. Kb2 Rxg3 50. Rxc6 Re3 51. Rb6 f4 52. Rxb5
Re2+ 53. Kb3 f3 54. Ra5 fxg2 55. Rxg2 Rxg2 56. b5 Rg1 57. Kc2 Rh1 58. b6 Rh8
59. b7 Rb8 60. Rb5 g4 61. Kd1 Kf5 62. Rb6 Ne4 63. Ke1 Kf4 64. Rb3 g3 65. Rb2
Kf3 66. Rd2 Rxb7 67. Rd1 0-1

[Event "XX Festival A"]
[Site "Robecchetto con Induno ITA"]
[Date "2009.12.29"]
[Round "4"]
[White "Ranfagni, Stefano"]
[Black "La Torre, Giovanni"]
[Result "0-1"]
[WhiteElo "2014"]
[BlackElo "2044"]
[PlyCount "96"]
[EventDate "2009.12.27"]

1. e4 d6 2. d4 Nf6 3. Nc3 g6 4. f4 Bg7 5. Nf3 O-O 6. Bd3 Nc6 7. O-O e5 8. fxe5
dxe5 9. d5 Nd4 10. Bg5 Bg4 11. Be2 Nxe2+ 12. Qxe2 h6 13. Bh4 Qd6 14. Qd3 a6 15.
h3 Bd7 16. Kh1 Nh5 17. Ne2 f5 18. Nd2 g5 19. Bf2 f4 20. Nc4 Qg6 21. Bc5 Rf7 22.
d6 Be6 23. dxc7 Rxc7 24. b4 Rd7 25. Qc3 Rad8 26. Nb6 Rd2 27. Nd5 Qxe4 28. Qxd2
Rxd5 29. Qe1 Qxe2 30. Qxe2 Ng3+ 31. Kh2 Nxe2 32. Rad1 Ng3 33. Rfe1 Rxd1 34.
Rxd1 Nf5 35. Rd8+ Kf7 36. Kg1 e4 37. a4 e3 38. Rb8 Bd5 39. c4 Be4 40. b5 axb5
41. cxb5 Nd4 42. Rd8 Ne2+ 43. Kf1 Ng3+ 44. Kg1 Bc3 45. Rd7+ Ke6 46. Rd6+ Kf5
47. Bd4 Bxd4 48. Rxd4 Ne2+ 0-1

[Event "XX Festival A"]
[Site "Robecchetto con Induno ITA"]
[Date "2009.12.29"]
[Round "4"]
[White "Raselli, Claudio"]
[Black "Curtacci, Sergio"]
[Result "1/2-1/2"]
[WhiteElo "1958"]
[BlackElo "1974"]
[PlyCount "99"]
[EventDate "2009.12.27"]

1. d4 g6 2. c4 Bg7 3. Nc3 d6 4. e4 e6 5. Be3 Ne7 6. Bd3 Nd7 7. Nge2 b6 8. Qd2
h6 9. O-O Bb7 10. f4 f5 11. exf5 exf5 12. d5 O-O 13. Nd4 Bxd4 14. Bxd4 Nf6 15.
Rfe1 c5 16. Bf2 a6 17. Bh4 Bc8 18. Re2 Kg7 19. Rae1 Neg8 20. Qe3 Qc7 21. Bxf6+
Rxf6 22. Qe8 Rf7 23. g4 Nf6 24. Qc6 Ra7 25. g5 hxg5 26. fxg5 Ng8 27. Qxc7 Raxc7
28. Kf2 Bd7 29. Kg3 b5 30. b3 b4 31. Nd1 a5 32. Nf2 a4 33. bxa4 Ra7 34. Bc2
Bxa4 35. Nh3 Bxc2 36. Rxc2 Ra3+ 37. Kg2 f4 38. Re6 Ne7 39. Nxf4 Rxf4 40. Rxe7+
Kf8 41. Rd7 Rg4+ 42. Kf1 Rxg5 43. Rxd6 Rf5+ 44. Ke1 Re3+ 45. Kd2 Rf2+ 46. Kxe3
Rxc2 47. Rxg6 Rxc4 48. Rc6 Ke7 49. h4 Rxh4 50. Rxc5 1/2-1/2